03079nam a2200349 a 4500001001200000003000800012006001900020007001500039008004100054010001700095020002900112020002600141020002700167040002100194035002100215050002500236082001200261100002700273245006100300250001200361260004500373300001500418504005100433505078700484520109901271533015202370650001802522655002902540710001702569856012602586999001702712ebr10657578CaPaEBRm u cr cn|||||||||121211s2013 nju sb 001 0 eng d z 2012033617 z9780470671733 (hardback) z9780470671726 (paper) z9781118510926 (e-book) aCaPaEBRcCaPaEBR a(OCoLC)84432202414aQE711.2b.C68 2013eb04a5602231 aCowen, Richard,d1940-10aHistory of lifeh[electronic resource] /cRichard Cowen. a5th ed. aHoboken, N.J. :bWiley-Blackwell,c2013. aix, 302 p. aIncludes bibliographical references and index.8 aMachine generated contents note: Preface Chapter 1. The Origin Of Life on Earth Chapter 2. Earliest Life on Earth Chapter 3. Sex and Nuclei: Eukaryotes Chapter 4. The Evolution of Metazoans Chapter 5. The Metazoan Radiation Chapter 6. Changing Life in a Changing World Chapter 7. The Early Vertebrates Chapter 8. Leaving the Water Chapter 9. Tetrapods and Amniotes Chapter 10. Early Amniotes and Thermoregulation Chapter 11. The Triassic Takeover Chapter 12. Dinosaurs Chapter 13. The Evolution of Flight Chapter 14. The Modernization of Land and Sea Chapter 15. The Origin of Mammals Chapter 16. The End of the Dinosaurs Chapter 17. Cenozoic Mammals Chapter 18. Geography and Evolution Chapter 19. Primates Chapter 20. Evolving Toward Humans Chapter 21. Life in the Ice Age Index. a"This text is designed for students and anyone else with an interest in the history of life on our planet. The author describes the biological evolution of Earth's organisms, and reconstructs their adaptations to the life they led, and the ecology and environment in which they functioned. On the grand scale, Earth is a constantly changing planet, continually presenting organisms with challenges. Changing geography, climate, atmosphere, oceanic and land environments set a stage in which organisms interact with their environments and one another, with evolutionary change an inevitable result. The organisms themselves in turn can change global environments: oxygen in our atmosphere is all produced by photosynthesis, for example. The interplay between a changing Earth and its evolving organisms is the underlying theme of the book. The book has a dedicated website which explores additional enriching information and discussion, and provides or points to the art for the book and many other images useful for teaching. See: www.wiley.com/go/cowen/historyoflife"--cProvided by publisher. aElectronic reproduction.bPalo Alto, Calif. :cebrary,d2013.nAvailable via World Wide Web.nAccess may be limited to ebrary affiliated libraries. 0aPaleontology. 7aElectronic books.2local2 aebrary, Inc.40uhttp://site.ebrary.com/lib/rucke/Doc?id=10657578zAn electronic book accessible through the World Wide Web; click to view c77453d77453